MARC

LEADER 00000nam2a2200000 4500
001 51167
005 20231101211306.0
035 |a (RuTPU)RU\TPU\book\53569 
035 |a RU\TPU\book\53554 
090 |a 51167 
100 |a 20030425d1965 m y0rusy50 ca 
101 0 |a rus 
102 |a RU 
105 |a a j 000zy 
200 0 |a Ч. 2  |f А. И. Даревский, Е. С. Кухаркин 
210 |d 1965 
215 |a 283 с.  |c ил. 
461 1 |0 (RuTPU)RU\TPU\book\53553  |t Теоретические основы электротехники  |o Учебник  |f Под ред. П. А. Ионкина  |v Ч. 2  |d 1965- 
606 1 |a Электротехника теоретическая  |2 stltpush  |3 (RuTPU)RU\TPU\subj\20909  |9 45970 
606 1 |a Электромагнитное поле  |x (электромагнетизм)  |2 stltpush  |3 (RuTPU)RU\TPU\subj\20157  |9 45278 
610 1 |a учебники 
610 1 |a электромагнитные поля 
610 1 |a электростатическое поле 
610 1 |a электростатика 
610 1 |a электрическое поле 
610 1 |a магнитное поле 
610 1 |a плоские волны 
610 1 |a поверхностный эффект 
610 1 |a элементарные вибраторы 
610 1 |a радиоволноводы 
610 1 |a объемные резонаторы 
675 |a 621.3.01(075.8)  |v 3 
675 |a 537.811(075.8)  |v 3 
701 1 |a Даревский  |b А. И.  |g Александр Иосифович 
701 1 |a Кухаркин  |b Е. С.  |g Евгений Степанович 
801 1 |a RU  |b 63413507  |c 20030425  |g PSBO 
801 2 |a RU  |b 63413507  |c 20220323  |g PSBO 
942 |c BK